000 00314 a2200157 4500
001 67870
020 _a9788594760807
040 _cAnchieta - Pituba
100 _aAlmeida JĂșnior
240 1 0 _aVenci!
_lpor
245 1 0 _aVenci!
300 _a66
362 0 _a2017
650 4 _aLiteratura juvenil
942 _cBK
999 _c67870
_d67870